000
00250nam a2200109Ia 4500
008
190914s9999||||xx |||||||||||||| ||und||
100
_a
Hubbard,Jhon
245
0
_a
Programming With C++
260
_a
London
_b
Addision
_c
2003
300
_a
347
942
_c
BK
999
_c
8687
_d
8687